Les Sept rivières sacrées de l'Inde - Statistiques

Statistiques générales
  • Ce quiz a été pris 36 fois
  • Le résultat moyen est 3 sur 7
Statistiques - réponses
Réponse % Correct
Gange
100%
Indus
78%
Narmadâ
25%
Yamunâ
25%
Godâvarî
22%
Kâverî
13%
Sarasvatî
3%
Aucun quiz correspondant
Distribution des résultats
% des personnes avec chaque résultat
Percentile par nombre de réponses
Votre historique - résultats
Vous n’avez pas pris ce quiz